00978cam a2200253 a 450000100060000000300080000600500170001400800410003103500140007204000230008604100110010908200300012011000890015024501240023925000120036326000570037530000210043250000250045350400410047865000390051965000600055865000470061865000590066534274BD-RjUL20211209052130.0920306s1990 bg b 100 0 eng  a(BD-RjUL) aDLCcDLCdDLCbeng0 aengben00a301.095492220bSOC 19902 aBangladesh Sociological Association.bConferencen(2nd :d1988 :cDhaka, Bangladesh)10aSociology and development :bBangladesh perspectives : proceedings of Bi-annual Conference of Sociological Association. a1st ed. aDhaka :bBangladesh Sociological Association,c1990. a367 p. ;c23 cm. aBengali and English. aIncludes bibliographical references. 0aSociologyzBangladeshxCongresses. 0aEconomic developmentxSociological aspectsxCongresses. 0aRural developmentzBangladeshvCongresses. 0aWomen in economic developmentzBangladeshvCongresses.